000 00500nam a2200193 a 4500
001 1765171463798
003 ACL
005 20251208105917.0
008 251208s2009##################000#0#eng##
020 _a9780199559954
082 0 4 _a630.93
_bBAR
100 1 _aBarker, Graeme,
_eauthor.
245 1 0 _aThe Agricultural Revolution in Prehistory :
260 _bOxford University Press, USA,
_c2009.
300 _a615 pages
650 0 _aGardening.
942 _cENGLISH
040 _aACL
_beng
_cACL
999 _c601563
_d601563